|
|
|
|
| LEADER |
02514nam a22003734a 4500 |
| 001 |
EBC429860 |
| 003 |
MiAaPQ |
| 005 |
20200520144314.0 |
| 006 |
m o d | |
| 007 |
cr cn||||||||| |
| 008 |
050601s2006 enka sb 001 0 eng |
| 010 |
|
|
|z 2005015921
|
| 020 |
|
|
|z 0754621251 (alk. paper)
|
| 020 |
|
|
|z 9780754621256
|
| 035 |
|
|
|a (MiAaPQ)EBC429860
|
| 035 |
|
|
|a (Au-PeEL)EBL429860
|
| 035 |
|
|
|a (CaPaEBR)ebr10211430
|
| 035 |
|
|
|a (CaONFJC)MIL924784
|
| 035 |
|
|
|a (OCoLC)437113710
|
| 040 |
|
|
|a MiAaPQ
|c MiAaPQ
|d MiAaPQ
|
| 043 |
|
|
|a ae-----
|
| 050 |
|
4 |
|a KNC362
|b .I57 2006
|
| 082 |
0 |
4 |
|a 346.507/8
|2 22
|
| 245 |
0 |
0 |
|a Insolvency law in East Asia
|h [electronic resource] /
|c edited by Roman Tomasic.
|
| 260 |
|
|
|a Aldershot, England ;
|a Burlington, VT :
|b Ashgate,
|c c2006.
|
| 300 |
|
|
|a x, 563 p. :
|b ill.
|
| 504 |
|
|
|a Includes bibliographical references and index.
|
| 505 |
0 |
|
|a Diversity and convergence in insolvency laws in East Asia / Roman Tomasic -- Insolvency law in Japan / Stacey Steele -- Insolvency law in Korea / Soogeun Oh -- The long march towards China's new bankruptcy law / Roman Tomasic and Margaret Wang -- Insolvency law in Taiwan : the interplay between official and unofficial law / Angus Francis and Neil Andrews -- Insolvency law in Hong Kong / E.L.G. Taylor -- Insolvency law in Vietnam / John Gillespie -- Insolvency law in Laos / Terry Reid -- Thai insolvency law : one step towards the development of the legal infrastructure for a revitalised economy / Eugene Clark and Sutee Supanit -- Insolvency law in Malaysia / Bahrin (Kam) Kamarul -- Insolvency law and institutions in Indonesia / David K. Linnan -- Insolvency law in Singapore / Victor Yeo and Pauline Gan -- The corporate insolvency system of the Philippines : experience and reforms / Cesar L. Villanueva -- Insolvency law in New Zealand / Paul Heath -- Insolvency law in Australia / Rosalind Mason -- Culture, insolvency and legal orientalism in Asia : reaching for Goering's revolver / Tim Lindsay -- Cross-border insolvency in East Asia : formal and informal mechanisms and UNCITRAL's model law / Angus Francis.
|
| 533 |
|
|
|a Electronic reproduction. Ann Arbor, MI : ProQuest, 2015. Available via World Wide Web. Access may be limited to ProQuest affiliated libraries.
|
| 650 |
|
0 |
|a Bankruptcy
|z East Asia.
|
| 655 |
|
4 |
|a Electronic books.
|
| 700 |
1 |
|
|a Tomasic, Roman.
|
| 710 |
2 |
|
|a ProQuest (Firm)
|
| 856 |
4 |
0 |
|u https://ebookcentral.proquest.com/lib/matrademy/detail.action?docID=429860
|z Click to View
|